Лабораторные работы по электротехническим материалам: учебное пособие

Podrobná bibliografie
Hlavní autor: Кессених Р. М.
Další autoři: Петров А. В., Стружков В. А.
Shrnutí:Ротапр. изд.
Jazyk:ruština
Vydáno: Томск, 1964
Témata:
Médium: MixedMaterials Kniha
KOHA link:https://koha.lib.tpu.ru/cgi-bin/koha/opac-detail.pl?biblionumber=592317

MARC

LEADER 00000nam0a2200000 4500
001 592317
005 20231101131714.0
035 |a (RuTPU)RU\TPU\tpu\3988 
035 |a TPU00003988 
090 |a 592317 
100 |a 20011210d1964 u y0rusy50 ca 
101 0 |a rus 
102 |a RU 
105 |a  000|y 
200 1 |a Лабораторные работы по электротехническим материалам  |e учебное пособие  |f Р. М. Кессених, А. В. Петров, В. А. Стружков 
210 |a Томск  |d 1964 
215 |a 38 с. 
300 |a Ротапр. изд. 
610 1 |a электротехника 
610 1 |a труды учёных ТПУ 
610 1 |a учебные пособия 
700 1 |a Кессених  |b Р. М. 
701 1 |a Петров  |b А. В. 
701 1 |a Стружков  |b В. А. 
801 0 |a RU  |b 63413507  |c 20011210  |g PSBO 
801 2 |a RU  |b 63413507  |c 20070727  |g PSBO 
942 |c BK